| 000 | 00757nam0a22002531 4500 | ||
|---|---|---|---|
| 001 | RU\NLR\INFOCOMM16\ROSSICA\1000472340 | ||
| 005 | 20250613185501.0 | ||
| 035 | _a(NLR Aleph) 009888195 | ||
| 090 |
_a10506244 _c10506244 |
||
| 100 | _a20030812d1872 |||y0rusy50 ca | ||
| 101 | 0 | _ager | |
| 102 | _aRU | ||
| 105 | _ay ||||000ay | ||
| 200 | 1 |
_aZur Characteristik der Boden-und Vegetationsverhältnisse des Steppengebietes und der Dniepr-und Konka-Niederung unterhalb Alexandrowsk(Gouv.Jekaterinoslaw) _fGruner L. |
|
| 210 |
_aMoskwa _d1872 |
||
| 215 | _d8° | ||
| 700 | 1 |
_aGruner _bL. _4070 |
|
| 801 | 1 |
_aRU _bInfoComm _c20030812 |
|
| 801 | 0 |
_aRU _bNLR _gPSBO |
|
| 852 |
_aNLR _j12.43.2.886 |
||
| 942 | _cBOOK | ||
| 980 | _aNB | ||
| 980 | _aRossica | ||